| 000 | 00858nam a2200253 c 4500 | ||
|---|---|---|---|
| 001 | a5474106 | ||
| 003 | CO-ViMGA | ||
| 005 | 20230915233143.0 | ||
| 008 | 140310s2014 sp a | |||| 001 0 spa | ||
| 020 | _a9788492837687 | ||
| 040 |
_aCO-ViMGA _bspa _cCO-ViMGA |
||
| 082 | 0 | 4 |
_a920.71 _bR62n |
| 100 | 1 |
_aRocha, Servando _d1974- _4aut _95184 |
|
| 245 | 1 | 0 |
_aNada es verdad, todo esta permitido : _bel dia que Kurt Cobain conocio a William Burroughs / _cServando Rocha |
| 260 |
_aBarcelona : _bAlpha Decay, _c2014. |
||
| 300 |
_a374 p.: _bil. ; _c21 cm |
||
| 490 | 0 |
_aHeroes modernos ; _v48 |
|
| 500 | _aIndice | ||
| 600 | 1 | 7 |
_aBurroughs, William S. _d1914-1997 _xCritica e interpretacion _2embne _95187 |
| 600 | 1 | 7 |
_aCobain, Kurt _d1967-1994 _2embne _95185 |
| 600 | 1 | 7 |
_aSubcultura _95186 |
| 650 | 1 | 7 |
_aContracultura _zEstados Unidos _2embne _95188 |
| 942 |
_2ddc _cBK |
||
| 999 |
_c35920 _d35920 |
||